| 000 | 00966nam a22002417a 4500 | ||
|---|---|---|---|
| 005 | 20240305165406.0 | ||
| 007 | cr|||| |||| | ||
| 008 | 130301e2012 mx |||||s|||| 00||0 spa d | ||
| 020 | _a978-607-762-126-3 | ||
| 035 | _a7118 | ||
| 040 | _avLex | ||
| 090 |
_c3810 _d3810 |
||
| 100 | 1 | 0 | _aLópez Cruz, Fernando |
| 245 | 1 | 0 |
_aDictamen Fiscal _c/ Fernando López Cruz _h[Recurso electrónico] |
| 256 | _aServicio en línea | ||
| 260 |
_aMéxico D.F. : _bInstituto Mexicano de Contadores Públicos, _c2012 |
||
| 300 | _a1 Recurso electrónico | ||
| 506 |
_dvLex Global _dvLex Global (Academic Edition, excluding Law Schools) _dvLex Global (U.S. Academic Edition, Law Schools) _dvLex Global (U.S. Academic Edition, excluding Law Schools) _dvLex Global (Academic Edition, Law Schools) |
||
| 650 | 0 | 4 |
_aDerecho tributario _zMéxico |
| 740 | _avLex Libros (Servicio en línea) | ||
| 856 |
_aAcceso restringido _uhttp://www.vlex.com/source/7118 |
||
| 942 | _cRAA | ||
| 999 |
_c162192 _d162192 |
||